[Event "FIDE World Bl Team Final"]
[Site "Almaty"]
[Date "2024.08.05"]
[Round "1.1"]
[White "Altynbek, Aiaru"]
[Black "Mihir, Shah"]
[Result "1/2-1/2"]
[WhiteElo "1990"]
[BlackElo "1801"]
[PlyCount "167"]
[EventDate "2024.08.05"]
[EventType "team-k.o. (blitz)"]
[EventRounds "4"]
[EventCountry "KAZ"]
[SourceTitle "CBM 221 Extra"]
[Source "ChessBase"]
[SourceDate "2024.09.30"]
[SourceVersion "1"]
[SourceVersionDate "2024.09.30"]
[SourceQuality "1"]
[WhiteTeam "Astana II"]
[BlackTeam "MGD1 Team"]
[WhiteTeamCountry "KAZ"]
[BlackTeamCountry "IND"]

1. d4 Nf6 2. c4 g6 3. Nc3 d5 4. cxd5 Nxd5 5. e4 Nxc3 6. bxc3 Bg7 7. Nf3 c5 8. Bb5+ Nc6 9. 0-0 0-0 10. Bxc6 bxc6 11. Qc2 Qa5 12. Be3 Ba6 13. Rfd1 cxd4 14. cxd4 c5 15. Bd2 Qa3 16. Bc1 Qa5 17. Bd2 Qd8 18. Be3 cxd4 19. Nxd4 Qc8 20. Qa4 Qc4 21. Qxc4 Bxc4 22. Rdc1 Bd3 23. f3 Rfd8 24. Nc6 Rd7 25. e5 Bb5 26. f4 a6 27. a4 Be2 28. Kf2 Bg4 29. Ra3 f6 30. Rac3 Kf7 31. h3 Be6 32. g4 h5 33. Kg3 hxg4 34. hxg4 g5 35. f5 Bd5 36. e6+ Bxe6 37. fxe6+ Kxe6 38. Nd4+ Kf7 39. Nf5 Bf8 40. Rc7 Rad8 41. Rxd7 Rxd7 42. Rc6 e6 43. Nd4 Bd6+ 44. Kf3 a5 45. Ra6 Bc5 46. Nc2 Be7 47. Rxa5 Rd3 48. Ke2 Rc3 49. Kd2 Rb3 50. Rb5 Rxb5 51. axb5 Bd8 52. b6 Bxb6 53. Bxb6 f5 54. gxf5 exf5 55. Ke3 Ke6 56. Nd4+ Ke5 57. Bc7+ Kd5 58. Nxf5 Ke6 59. Ke4 g4 60. Nh6 g3 61. Bxg3 Kf6 62. Be5+ Ke6 63. Nf5 Kf7 64. Nh4 Ke6 65. Nf3 Kf7 66. Kf5 Ke7 67. Nd4 Kd7 68. Kf6 Ke8 69. Ke6 Kd8 70. Nb5 Kc8 71. Kd6 Kb7 72. Kc5 Ka6 73. Bc3 Kb7 74. Ba5 Ka6 75. Bd8 Kb7 76. Nd6+ Ka6 77. Bc7 Ka7 78. Kb5 Ka8 79. Kc6 Ka7 80. Bb6+ Ka6 81. Bc5 Ka5 82. Nc4+ Ka6 83. Nb6 Ka7 84. Bb4 1/2-1/2

[Event "FIDE World Bl Team Final"]
[Site "Almaty"]
[Date "2024.08.05"]
[Round "3.1"]
[White "Galymzhanuly, Ibragim"]
[Black "Mihir, Shah"]
[Result "1-0"]
[WhiteElo "1929"]
[BlackElo "1801"]
[PlyCount "127"]
[EventDate "2024.08.05"]
[EventType "team-k.o. (blitz)"]
[EventRounds "4"]
[EventCountry "KAZ"]
[SourceTitle "CBM 221 Extra"]
[Source "ChessBase"]
[SourceDate "2024.09.30"]
[SourceVersion "1"]
[SourceVersionDate "2024.09.30"]
[SourceQuality "1"]
[WhiteTeam "Al Ain ACMG"]
[BlackTeam "MGD1 Team"]
[WhiteTeamCountry "UAE"]
[BlackTeamCountry "IND"]

1. d4 Nf6 2. c4 g6 3. Nc3 d5 4. Nf3 Bg7 5. e3 0-0 6. cxd5 Nxd5 7. Bc4 Nb6 8. Bb3 c5 9. 0-0 cxd4 10. exd4 Nc6 11. Be3 Na5 12. h3 Nxb3 13. Qxb3 Be6 14. Qc2 Rc8 15. Rfd1 Bd5 16. Qe2 Bc4 17. Qe1 Nd5 18. Rac1 Nxc3 19. bxc3 Bxa2 20. Ra1 Bd5 21. Rxa7 Bxf3 22. gxf3 Qd5 23. Kg2 Ra8 24. Rda1 Rxa7 25. Rxa7 Qb5 26. Qf1 Qb6 27. Ra2 Rc8 28. Qd3 Qc6 29. Rb2 e6 30. Bd2 Bf8 31. Qe4 b6 32. Qxc6 Rxc6 33. Rb5 f6 34. f4 Kf7 35. Kf3 Ke7 36. Ke4 Kd7 37. Kd3 Be7 38. c4 Bd6 39. Be3 Bc7 40. d5 exd5 41. cxd5 Rd6 42. Ke4 f5+ 43. Kd3 Kc8 44. Bd4 Kb7 45. Be5 Rd7 46. Kd4 Bd8 47. d6 Kc6 48. Rb1 b5 49. Rc1+ Kb6 50. Kd5 b4 51. Ke6 Ra7 52. Bd4+ Kb7 53. Bxa7 Kxa7 54. Rb1 Kb6 55. Rxb4+ Kc6 56. Rc4+ Kb7 57. Kd7 Bh4 58. Ke8 Bxf2 59. d7 Bh4 60. d8Q Bxd8 61. Kxd8 Kb6 62. Ke7 Kb5 63. Rc1 Kb4 64. Kf6 1-0

[Event "FIDE World Bl Team Final"]
[Site "Almaty"]
[Date "2024.08.05"]
[Round "1.2"]
[White "Mihir, Shah"]
[Black "Altynbek, Aiaru"]
[Result "1-0"]
[WhiteElo "1801"]
[BlackElo "1990"]
[PlyCount "99"]
[EventDate "2024.08.05"]
[EventType "team-k.o. (blitz)"]
[EventRounds "4"]
[EventCountry "KAZ"]
[SourceTitle "CBM 221 Extra"]
[Source "ChessBase"]
[SourceDate "2024.09.30"]
[SourceVersion "1"]
[SourceVersionDate "2024.09.30"]
[SourceQuality "1"]
[WhiteTeam "MGD1 Team"]
[BlackTeam "Astana II"]
[WhiteTeamCountry "IND"]
[BlackTeamCountry "KAZ"]

1. e4 c6 2. Nf3 d5 3. d3 dxe4 4. dxe4 Qxd1+ 5. Kxd1 Nf6 6. Nbd2 g6 7. Ne1 Bh6 8. f3 0-0 9. Nd3 Rd8 10. a4 Nh5 11. c3 Nf4 12. Nxf4 Bxf4 13. Kc2 Be6 14. g3 Bc7 15. Nc4 Nd7 16. a5 b5 17. axb6 axb6 18. Rxa8 Rxa8 19. Be3 b5 20. Nd2 Nb6 21. Be2 Ra4 22. Nb3 Bxb3+ 23. Kxb3 Kf8 24. Rd1 Ke8 25. Bxb6 Bxb6 26. c4 Bc5 27. cxb5 Rb4+ 28. Kc3 cxb5 29. Rd5 Bd6 30. Rxd6 exd6 31. Kxb4 Kd7 32. Kxb5 Ke6 33. Kc6 Ke5 34. b4 Kd4 35. b5 Ke3 36. Bd1 Kd2 37. Bb3 Ke3 38. Bxf7 Kxf3 39. Kxd6 Kxe4 40. b6 Kf3 41. b7 Kg2 42. b8Q Kxh2 43. Bxg6 hxg6 44. Qg8 Kxg3 45. Qxg6+ Kh2 46. Qg4 Kh1 47. Ke5 Kh2 48. Ke4 Kh1 49. Kf3 Kh2 50. Qg2# 1-0

[Event "FIDE World Bl Team Final"]
[Site "Almaty"]
[Date "2024.08.05"]
[Round "2.1"]
[White "Mihir, Shah"]
[Black "Tanikin, Isabek"]
[Result "1-0"]
[WhiteElo "1801"]
[BlackElo "1952"]
[PlyCount "73"]
[EventDate "2024.08.05"]
[EventType "team-k.o. (blitz)"]
[EventRounds "4"]
[EventCountry "KAZ"]
[SourceTitle "CBM 221 Extra"]
[Source "ChessBase"]
[SourceDate "2024.09.30"]
[SourceVersion "1"]
[SourceVersionDate "2024.09.30"]
[SourceQuality "1"]
[WhiteTeam "MGD1 Team"]
[BlackTeam "Ashdod"]
[WhiteTeamCountry "IND"]
[BlackTeamCountry "ISR"]

1. e4 e6 2. d3 d5 3. Nd2 c5 4. Ngf3 Nc6 5. g3 g6 6. Bg2 Bg7 7. 0-0 Nf6 8. Re1 0-0 9. c3 dxe4 10. dxe4 e5 11. Qc2 Qc7 12. Nc4 b6 13. Ne3 Bb7 14. a4 Rfd8 15. Nd2 Na5 16. Ndc4 Nxc4 17. Nxc4 Rd7 18. a5 b5 19. a6 Bc6 20. Na5 Rad8 21. Nxc6 Qxc6 22. Be3 Ng4 23. Bg5 Bf6 24. Bc1 c4 25. h3 Nxf2 26. Qxf2 Bg7 27. Be3 Rd3 28. Bxa7 Rd2 29. Re2 Rd1+ 30. Re1 R8d2 31. Rexd1 Rxf2 32. Bxf2 Bf6 33. a7 Qa8 34. Rd5 Be7 35. Rxb5 Bd6 36. Rd5 Bc7 37. Rd7 1-0

[Event "FIDE World Rapid Team"]
[Site "Almaty"]
[Date "2024.08.04"]
[Round "11.12"]
[White "Khassenov, Mansur"]
[Black "Mihir, Shah"]
[Result "1/2-1/2"]
[WhiteElo "1982"]
[BlackElo "1801"]
[PlyCount "56"]
[EventDate "2024.08.02"]
[EventType "team (rapid)"]
[EventRounds "12"]
[EventCountry "KAZ"]
[SourceTitle "CBM 221 Extra"]
[Source "ChessBase"]
[SourceDate "2024.09.30"]
[SourceVersion "1"]
[SourceVersionDate "2024.09.30"]
[SourceQuality "1"]
[WhiteTeam "Royal Chess"]
[BlackTeam "MGD1 Team"]
[WhiteTeamCountry "UZB"]
[BlackTeamCountry "IND"]

1. c4 Nf6 2. Nc3 g6 3. g3 Bg7 4. Bg2 0-0 5. d4 d6 6. Nf3 Nc6 7. 0-0 e5 8. dxe5 Nxe5 9. Nxe5 dxe5 10. Qxd8 Rxd8 11. Bg5 Rd7 12. Bh3 Rd4 13. Bxc8 Rxc8 14. b3 a6 15. Rad1 Kf8 16. Be3 Rxd1 17. Rxd1 Ke8 18. Nd5 Nxd5 19. Rxd5 Rd8 20. Rxd8+ Kxd8 21. f3 Kd7 22. Kf2 Kc6 23. Bd2 h5 24. Bc3 Kd6 25. f4 Ke6 26. e4 Bf6 27. Kf3 g5 28. h3 exf4 1/2-1/2

[Event "FIDE World Rapid Team"]
[Site "Almaty"]
[Date "2024.08.03"]
[Round "7.12"]
[White "Naimanov, Rinat"]
[Black "Mihir, Shah"]
[Result "0-1"]
[WhiteElo "1749"]
[BlackElo "1801"]
[PlyCount "64"]
[EventDate "2024.08.02"]
[EventType "team (rapid)"]
[EventRounds "12"]
[EventCountry "KAZ"]
[SourceTitle "CBM 221 Extra"]
[Source "ChessBase"]
[SourceDate "2024.09.30"]
[SourceVersion "1"]
[SourceVersionDate "2024.09.30"]
[SourceQuality "1"]
[WhiteTeam "Astana"]
[BlackTeam "MGD1 Team"]
[WhiteTeamCountry "KAZ"]
[BlackTeamCountry "IND"]

1. e4 c6 2. d4 d5 3. exd5 cxd5 4. c4 Nf6 5. Nc3 g6 6. Qb3 Bg7 7. cxd5 0-0 8. Be2 Na6 9. Bf3 Qb6 10. Qxb6 axb6 11. Nge2 Nb4 12. 0-0 Rd8 13. Bg5 Nbxd5 14. Nxd5 Nxd5 15. Nc3 Be6 16. Nb5 h6 17. Bh4 g5 18. Bg3 Rac8 19. Rac1 Rc6 20. a4 Rdc8 21. Nc3 Nxc3 22. Rxc3 Rxc3 23. bxc3 Rxc3 24. Be5 Bxe5 25. dxe5 Ra3 26. Bxb7 Rxa4 27. h3 Ra7 28. Bc6 Rc7 29. Bf3 Rc5 30. Rb1 b5 31. Bg4 Bc4 32. e6 f5 0-1